书目信息 |
| 题名: |
各国国家机构手册
|
|
| 作者: | ;新华社国际部资料编辑室 | |
| 分册: | ||
| 出版信息: | 北京 中国对外翻译出版公司 1992 |
|
| 页数: | 1121页 | |
| 开本: | 19cm | |
| 丛书名: | ||
| 单 册: | ||
| 中图分类: | D52 | |
| 科图分类: | ||
| 主题词: | 国际政治 | |
| 电子资源: | ||
| ISBN: | 7-5001-0177-5 | |
| 000 | 00599nam0 2200181 450 | |
| 001 | 0755227312 | |
| 005 | 20070828152027.31 | |
| 010 | @a7-5001-0177-5@d¥28.00 | |
| 100 | @a20070828d km y0chiy0120 ea | |
| 101 | 0 | @achi |
| 200 | 1 | @a各国国家机构手册@Age guo guo jia ji gou shou ce@f新华社国际部资料编辑室@Fxin hua she guo ji bu zi liao bian ji shi |
| 210 | @a北京@c中国对外翻译出版公司@d1992 | |
| 215 | @a1121页@d19cm | |
| 606 | 0 | @a国际政治 |
| 690 | @aD52@v3 | |
| 711 | 02 | @a新华社国际部资料编辑室@Axin hua she guo ji bu zi liao bian ji shi |
| 801 | 0 | @aCN@bPFT@c20070828 |
| 905 | @a213230@dD52@eW1@f1 | |
| 各国国家机构手册/新华社国际部资料编辑室.-北京:中国对外翻译出版公司,1992 |
| 1121页;19cm |
| ISBN 7-5001-0177-5:¥28.00 |
| ● |
| 相关链接 |
|
|
|
|
正题名:各国国家机构手册
索取号:D52/W1
 
预约/预借
| 序号 | 登录号 | 条形码 | 馆藏地/架位号 | 状态 | 备注 |
| 1 | 0706377 | 207063773 | 密集书库—外国语学院/ [索取号:D52/W1] | 在馆 |